000 00602nam a2200205 a 4500
008 951122s1986||||[C 0 slo c
020 _c14 Kčs.
_q(15000 výtl.)
040 _aSNK
_bslo
_cSNK
_eAACR2
041 1 _aslo
_hslo
044 _axo
_cSK
080 _a885.4-3
100 1 _aFleischhacker, Pavel
_4aut
245 1 0 _aModranské biele
_cPavel Fleischhacker ; Ivan Riabič
250 _a2., rozšír. vyd.
260 _aMartin
_bOsveta
_c1986
_eBanská Bystrica
_fTlačiarne SNP
300 _a135 s., 7,10 AH
_c20 cm
500 _aIlustr. na front.
700 1 _aRiabič, Ivan
_4bkd
958 _aA
999 _c10630
_d10630